Centro América: Descentralización y asociacionismo municipal; la descentralización desde la perspectiva de las municipalidades /

Guardado en:
書目詳細資料
主要作者: Ortega Hegg, Manuel
企業作者: Universidad Centroamericana, Managua. Centro de Análisis Socio-Cultural
其他作者: coord, Wallace S., María Guadalupe
格式: Texto
出版: Managua: UCA. CASC
標簽: 添加標簽
沒有標簽, 成為第一個標記此記錄!

MARC

LEADER 00000 a a2200000 04500
001 12252
003
040
090 |a 142400  
100 |a Ortega Hegg, Manuel  
110 |a Universidad Centroamericana, Managua. Centro de Análisis Socio-Cultural  
245 |a Centro América: Descentralización y asociacionismo municipal; la descentralización desde la perspectiva de las municipalidades /  |c Manuel Ortega Hegg 
260 |a Managua:   |b UCA. CASC  
300 |a v, 158 p.  
300 |b **no definido**  
700 |a coord  
700 |a Wallace S., María Guadalupe  
999 |c 12431  |d 12431